000 nam a22 a 4500
999 _c4548
_d4548
005 20170531113201.0
008 170531s2008 be ||||| |||| 00| 0 eng d
040 _aAKMAL
082 _a382.91 WOR
090 _a382.91
_bWOR
245 1 0 _aGetting To Grips With Origin . ( World Customs Forum 2008)
260 _aBrussels, Belgium :
_bWorld Customs Organization,
_c2008.
300 _avarious paging (loose-leaf) ;
_c21cm x 30cm
500 _aExtracts from World Customs Forum 2008, Conference On Rules Of Origin Around The World, 16-17 July 2008.
650 1 0 _aCustoms Administration
_xLaw and legislation
_96000
710 2 _aWorld Customs Organization
_95917
942 _2ddc
_cBOOK
950 _lAKMAL